Statistics for All Ninja Sex Party Covers

Click here to take the quiz!

General Stats

  • This quiz has been taken 5 times
  • The average score is 21 of 37

Answer Stats

AlbumOriginal ArtistSong% Correct
Under The Cover, Vol IITotoAfrica
100%
Under the Covers, Vol. IIIBlue Oyster CultDon't Fear the Reaper
100%
Under the Covers, Vol. IIIMen at WorkDown Under
100%
Under the Covers, Vol. IA-haTake On Me
100%
Under the Covers, Vol. IIIStarshipWe Built This City
100%
Under the Covers, Vol. IIIRushCloser to the Heart
75%
Under the Covers, Vol. ITears for FearsEverybody Wants to Rule the World
75%
Under the Covers, Vol. IIAsiaHeat of the Moment
75%
Under the Covers, Vol. IVan HalenJump
75%
Under the Covers, Vol. IIRushLimelight
75%
Under the Covers, Vol. IIBostonMore Than a Feeling
75%
Under the Covers, Vol. IIDef LeppardPour Some Sugar On Me
75%
Under the Covers, Vol. IIElton JohnRocket Man
75%
Under the Covers, Vol. IIIMen Without HatsSafety Dance
75%
Under the Covers, Vol. IThe OutfieldYour Love
75%
Under the Covers, Vol. IIILou JohnsonAlways Something There to Remind Me
50%
Under the Covers, Vol. IIStevie WonderI Wish
50%
Under the Covers, Vol. IIITom PettyI Won't Back Down
50%
Under the Covers, Vol. IRushMadrigal
50%
Under the Covers, Vol. IIIBee GeesNights on Broadway
50%
Under the Covers, Vol. IIIYesOwner of a Lonely Heart
50%
Under the Covers, Vol. IIIDef LeppardPhotograph
50%
Under the Covers, Vol. IRushSubdivisions
50%
Under the Covers, Vol. IIIPrinceWhen You Were Mine
50%
Under the Covers, Vol. IPink FloydWish You Were Here
50%
Under the Covers, Vol. IIDead or AliveYou Spin Me Round (Like a Record)
50%
Under the Covers, Vol. IIPhil CollinsDon't Lose My Number
25%
Under the Covers, Vol. IIIPeter CeteraGlory of Love
25%
Under the Covers, Vol. IIPeter GabrielIn Your Eyes
25%
Under the Covers, Vol. IGenesisMisunderstanding
25%
Under the Covers, Vol. IMichael JacksonRock With You
25%
Under the Covers, Vol. IIIPeter GabrielSledgehammer
25%
Under the Covers, Vol. IILevel 42Something About You
25%
Under the Covers, Vol. IKing's XThe Burning Down
25%
Under the Covers, Vol. IAmericaThe Last Unicorn
25%
Under the Covers, Vol. IOingo BoingoWe Close Our Eyes
25%
Under the Covers, Vol. IIThe Moody BluesYour Wildest Dreams
25%

Score Distribution

Percentile by Number Answered

Percent of People with Each Score

Your Score History

You have not taken this quiz